Solventnost II: využít zásadu proporcionality!
Problematika proporcionality (primeranosti) v poisťovníctve. Princíp proporcionality a nerovné rozloženie rizík a príležitostí. Uplatnenie proporcionality na poistnom trhu a v smernici Solventnosť II.
Enregistré dans:
| Auteur principal: | |
|---|---|
| Format: | Chapitre de livre |
| Langue: | tchèque |
| Sujets: | |
| Tags: |
Pas de tags, Soyez le premier à ajouter un tag!
|
MARC
| LEADER | 00000naa a2200000 4500 | ||
|---|---|---|---|
| 001 | 0196998 | ||
| 005 | 20220729104901.6 | ||
| 041 | 0 | |a cze | |
| 044 | |a CZ | ||
| 245 | 1 | 0 | |a Solventnost II: využít zásadu proporcionality! |c Jaroslav Mesršmíd |
| 520 | |a Problematika proporcionality (primeranosti) v poisťovníctve. Princíp proporcionality a nerovné rozloženie rizík a príležitostí. Uplatnenie proporcionality na poistnom trhu a v smernici Solventnosť II. | ||
| 610 | 2 | 0 | |a poisťovníctvo |
| 610 | 2 | 0 | |a poisťovne |
| 610 | 2 | 0 | |a trh poistný |
| 610 | 2 | 0 | |a primeranosť kapitálová |
| 610 | 2 | 0 | |a rezervy technické |
| 610 | 2 | 0 | |a solventnosť |
| 610 | 2 | 0 | |a riziko poistné |
| 100 | 1 | |a Mesršmíd, Jaroslav | |